Married love (Record no. 148283)

MARC details
000 -LEADER
campo de control de longitud fija 00655nam a2200193 4500
001 - NÚMERO DE CONTROL
campo de control 148283
003 - IDENTIFICADOR DE NÚMERO DE CONTROL
campo de control ES-MaACL
005 - FECHA Y HORA DE LA ÚLTIMA TRANSACCIÓN
campo de control 20230906202531.0
007 - CAMPO FIJO DE DESCRIPCIÓN FÍSICA--INFORMACIÓN GENERAL
campo de control de longitud fija t|
008 - DATOS DE LONGITUD FIJA--INFORMACIÓN GENERAL
campo de control de longitud fija 070214s1934 xxk r ||||1| eng d
100 1# - ENTRADA PRINCIPAL--NOMBRE DE PERSONA
Nombre de persona Stopes, Marie Carmichael.
9 (RLIN) 108318
245 10 - MENCIÓN DEL TÍTULO
Título Married love
Resto del título : a new contribution to the solution of sex difficulties /
Mención de responsabilidad, etc. by Marie Stopes ; with a preface by Dr. Jessie Murray ; and a letter from Prof. E. H. Starling.
250 ## - MENCION DE EDICION
Mención de edición 21st ed.
260 ## - PUBLICACIÓN, DISTRIBUCIÓN, ETC.
Lugar de publicación, distribución, etc. London :
Nombre del editor, distribuidor, etc. Putnam,
Fecha de publicación, distribución, etc. 1934.
300 ## - DESCRIPCIÓN FÍSICA
Extensión XX, 170 p. ;
Dimensiones 19 x 10 cm.
700 1# - ENTRADA AGREGADA--NOMBRE PERSONAL
Nombre de persona Murray, Jessie.
9 (RLIN) 84640
700 1# - ENTRADA AGREGADA--NOMBRE PERSONAL
Nombre de persona Starling, E. H.
9 (RLIN) 107934
852 ## - LOCALIZACIÓN
Ubicación ES-MaACL
Número de control de estantería A-3199
Holdings
Estatus retirado Estado de pérdida Estado de daño No para préstamo Biblioteca de origen Biblioteca actual Ubicación en estantería Fecha de adquisición Fuente de adquisición Total de préstamos Signatura topográfica completa Código de barras Visto por última vez Precio de reemplazo Tipo de ítem Koha
        Biblioteca del Ateneo de Madrid Biblioteca del Ateneo de Madrid Sala Pecera Planta 1 17/01/2008     A-3199 1154748 23/02/2023 23/02/2023 Libro impreso